000 02619nam0a2200373 4500
001 RU\NLR\BIBL_A\010772161
005 20260408103229.0
010 _a978-5-243-00332-2
_9100
021 _aRU
_b2015-29335
_91736
035 _a(NILC)RuMoRGB-007913380
035 _a(NLR Aleph) 010772161
090 _a10026674
_c10026674
100 _a20150529d2014 |||y0rusy50 ca
101 0 _arus
102 _aRU
105 _aa z 000yy
200 1 _aПроектирование модели профессиональной подготовки учителей начальных классов в условиях бакалавриата
_eколлективная монография
_f[Л. П. Стойлова, к.п.н., Л. С. Сильченкова, д.п.н., Н. М. Конышева, д.п.н. и др.
_gнауч. ред.: к.п.н., проф. Л. П. Стойлова]
_gДепартамент образования г. Москвы, Гос. бюджетное образовательное учреждение высш. проф. образования г. Москвы "Московский гор. пед. ун-т" (ГБОУ ВПО МГПУ), Науч.-исслед. ин-т столичного образования, Лаб. инноваций в начальном образовании
210 _aМосква
_cМосковский городской педагогический университет, Научно-информационный издательский центр
_d2014
215 _a127 с.
_cил.
_d21
300 _aАвт. указаны на обороте тит. л.
606 1 _aУчителя начальной школы
_xПодготовка
_91828443
_3RU\NLR\AUTH\66826510
606 1 _aПедагогическое образование
_xБакалавриат
_92478343
_3RU\NLR\AUTH\6601688097
610 0 _aучителя начальной школы
686 1 _aЧ489.518.21
701 1 _aСтойлова
_bЛ. П.
_gЛюбовь Петровна
_4070
_4340
701 1 _aСильченкова
_bЛ. С.
_gЛюдмила Семеновна
701 1 _4070
_7ca
_8rus
_aКонышева
_bН. М.
_f1947-
_gНаталья Михайловна
_9114211
_3RU\NLR\AUTH\774229
712 0 2 _4570
_aНИИ столичного образования
_bЛаборатория инноваций в начальном образовании
_cМосква
_9370782
_3RU\NLR\AUTH\8810242446
801 0 _aRU
_bРГБ
_c20150416
_gRCR
942 _cBOOK
980 _aNBR
980 _aNB